| 000 | 00689nam a22002297a 4500 | ||
|---|---|---|---|
| 005 | 20170124105930.0 | ||
| 010 | _aA-379540 | ||
| 020 |
_c00.00 _a8185060185 |
||
| 035 | _aA-379540 | ||
| 037 | _bCen Lib/Ret | ||
| 040 |
_aDPL _bEN |
||
| 082 |
_a320.954 _bNAR |
||
| 100 |
_aNarang, A.S. _98009 |
||
| 245 |
_aIndian goverments and politics / _cby A.S. Narang |
||
| 250 | _a3rd ed. | ||
| 260 |
_aNew Delhi _bGitanjali Publishing House _c1989 |
||
| 270 |
_a2/12, vikram vihar, lajpat nagar _bNew Delhi _e110024 |
||
| 300 |
_axii, 478p. _c20cm(Hb) |
||
| 650 |
_aPolitical science _9107606 |
||
| 650 |
_aIndian governments _98011 |
||
| 942 |
_2ddc _cEN _h320.954 _mNAR |
||
| 999 |
_c123780 _d123780 |
||